| 000 | 00382nam a22001577a 4500 | ||
|---|---|---|---|
| 003 | OSt | ||
| 005 | 20211029095944.0 | ||
| 008 | 211029b |||||||| |||| 00| 0 eng d | ||
| 020 | _a185898677 | ||
| 040 |
_aHU _cDDC |
||
| 082 | _a382/WAK | ||
| 245 | _aTRADE & INNOVATION THEORY AND EVIDENCE | ||
| 260 |
_aUSA _bEDWARD ELGAR _c1997 |
||
| 300 | _avii,182P,18CM | ||
| 942 |
_2ddc _cBOOKS _n0 |
||
| 999 |
_c15772 _d15772 |
||